Responses for Show #620 - Friday, April 24, 1987

Richard Cordray game 4.

Contestants

[<< previous game]

Donna DiMesa, a teacher from West Babylon, New York

Yaier Lehrer, an attorney from Pittsburgh, Pennsylvania

Richard Cordray, a judicial clerk from Grove City, Ohio (whose 3-day cash winnings total $23,802)

[next game >>]

Jeopardy! Round responses

REVOLUTIONARY WAR
DYNASTIES
FAMOUS QUOTES
'60s BRITISH ROCK
ANIMALS
"A.C."
    $100 4
Paul Revere

Richard
    $100 20
Benchleys

Yaier
    $100 9
laughs last

Richard
    $100 21
Manfred Mann

Richard
    $100 2
Antarctica

Richard
    $100 14
an area code

Richard
    $200 7
Nathan Hale

Richard
    $200 17
the Hunts

Richard
    $200 12
England

Richard
    $200 25
ANIMALS

Richard
    $200 6
rats

Yaier
    $200 28
Amy Carter

Yaier
    $300 11
the Battle of Bunker Hill

Richard
    $300 15
Begley

Richard
    $300 1
(Richard: Who is Robert E. Lee?)

Santa Claus

RichardDonna
    $300 26
The Hollies

Richard
    $300 22
rhesus monkeys

Donna
    $300 18
aircraft carriers

Richard
    $400 16
(Charles) Cornwallis

Richard
    $400 8
the Longs

Yaier
    $400 3
(Richard: Who is Winston Churchill?)

Franklin Delano Roosevelt

RichardYaier
    $400 29
[The end-of-round signal sounds.]

Herman's Hermits

Triple Stumper
    $400 23
the nose or snout

Donna
    $400 13
Alice Cooper

Yaier
    $500 19
Benjamin Franklin (or John Adams, John Jay, or Henry Laurens)

Richard
    $500 10
the Reiners

Richard
    $500 5
Henry Kissinger

Donna
    $500 24
(Alex: I'm wondering who could get out there to weigh it. What are [*]?)

bald eagles

Triple Stumper
    $400 27
[Richard gives his response just as the music begins to play.]
(Alex: [Disappointed] And I like listening to that theme, too. Well, we heard a little bit of it. All right, select again, you're correct.)

Aaron Copland

Richard

Scores at the first commercial break (after clue 12):

Richard Yaier Donna
$800 $1,000 $800

Scores at the end of the Jeopardy! Round:

Richard Yaier Donna
$3,600 $1,700 $1,500

Double Jeopardy! Round responses

BUSINESS & INDUSTRY
NATIVE AMER. WOMEN
RELIGION
LAKES & RIVERS
MOVIE AUTHORS
"D.C."
(Alex: And since we had "A.C." in the Jeopardy! Round, we have [*] in this one.)
    $200 13
Lloyd's of London

Donna
    $200 14
a beloved woman (chieftain accepted)

Richard
    $200 1
(Richard: Who are Rastafarians?)

Voodoo

RichardYaier
    $200 17
[ERRATUM: Doubled word "of" in the clue text.]

the Panama Canal

Richard
    $200 2
Peter Finch

Yaier
    $200 26
Dick Cavett

Yaier
    $400 21
tourism

Yaier
    $400 24
Buffy Sainte-Marie

Yaier
    $400 5
saints

Yaier
    $400 16
the Aswan Dam

Richard
    $400 3
(Yaier: Who is Kahlil Gibran?)

Omar Khayyam

RichardYaier
    $600 28
(Richard: Who are Levi Strauss?)

Lee & Wrangler

RichardYaier
    $600 23
(Yaier: What is United States?)

Canada

Yaier
Triple Stumper
    $600 8
Orthodox, Conservative, & Reform

Yaier
    $600 4
Niger & Nigeria

Donna
    $600 6
Aesop

Yaier
    $600 18
Don Corleone

Yaier
    $800 27
Walgreens

Triple Stumper
    $800 29
[The end-of-round signal sounds.]

Keely Smith

Triple Stumper
    $800 9
Nirvana

Donna
    $1,500 11
Minnesota

Richard
    $800 7
[Alex pronounces the "O." in the clue as "Olivia."]
(Yaier: Who are the Eyres?)
(Alex: No, sorry.)
(Yaier: I'm so--! [grabs forehead]--doh!)

the Bronte Sisters

RichardYaier
    $800 20
(Richard: What is coda?)

da capo

RichardDonna
    $1000 22
J.C. Penney

Richard
    $1000 25
(Maria) Tallchief

Richard
    $1000 10
messiah

Richard
    $1000 12
the St. Lawrence

Yaier
    $1000 15
(Alex: Yes, played by Paul Muni.)

Émile Zola

Richard
    $1000 19
(Alex: We deserve it, folks.)

a dead cert

Triple Stumper

Scores at the end of the Double Jeopardy! Round:

Richard Yaier Donna
$9,500 $5,100 $3,900

[wagering suggestions for these scores]

Final Jeopardy! Round responses

LONDON
(Alex: The borough through which the Prime Meridian passes. You're absolutely right.)
DonnaWhat is Lancaster?
$3,900
YaierWhat is Londontown
$5,099
RichardWhat is Greenwich?
$1,600
Greenwich

Final scores:

Richard Yaier Donna
$11,100 $1 $0
4-day champion: $34,902 2nd place: a 2-position reclining wing chair from Sam Moore Furniture Industries + Colortyme color console TV 3rd place: a Smith Corona XD8000 typewriter

Game dynamics:

Coryat scores:

Richard Yaier Donna
$8,900 $5,100 $3,900
27 R
(including 2 DDs),
5 W
17 R,
3 W
8 R,
0 W

Combined Coryat: $17,900

[game clues] [game scores] [suggest correction]

Game tape date: 1987-01-06
The J! Archive is created by fans, for fans. Scraping, republication, monetization, and malicious use prohibited; this site may use cookies and collect identifying information. See terms. The Jeopardy! game show and all elements thereof, including but not limited to copyright and trademark thereto, are the property of Jeopardy Productions, Inc. and are protected under law. This website is not affiliated with, sponsored by, or operated by Jeopardy Productions, Inc. Join the discussion at JBoard.tv.